00838nam a22002177a 4500999001900000005001700019010001500036020002600051035001400077037001300091082001200104100002200116245015800138260002500296270008900321300001900410700001700429700001900446942002200465952013300487 c180511d18051120210810153852.0 aENG-129739 a9789390168361c549.00 aEN-113271 bDBAD/PUB a330.954 aSrirangam, SriRam aIndian economy:bprinciples, policies and progress for UPSC and state civil services examination /cby SriRam Srirangam, Manish Kumar [and] Rohit Deo Jha aNoidabPearsonc2021 a15th Floor, Tower-B, World Trade Tower, Plot No.1, Block-C, Sector-16bNoidae201301 avp.c23cm(pbk) aManish Kumar aJha, Rohit Deo 2ddccENh660mCHA 001040708NFICaAVbAVd2021-08-10eDBAD/PUBg549.00l2m0o660 CHApEN-113271r2022-07-30 00:00:00s2022-07-30t1v549.00yEN